[Event "BRA-ch (Women) 62nd"]
[Site "Timbo"]
[Date "2023.10.30"]
[Round "3"]
[White "Liebl, Livia"]
[Black "Danker, Nikole"]
[Result "1-0"]
[WhiteElo "1517"]
[BlackElo "1755"]
[PlyCount "145"]
[EventDate "2023.10.29"]
[EventType "swiss"]
[EventRounds "9"]
[EventCountry "BRA"]
[SourceTitle "Mega2024 Update 01"]
[Source "Chessbase"]
[SourceDate "2023.11.12"]
[SourceVersion "1"]
[SourceVersionDate "2023.11.12"]
[SourceQuality "1"]

1. d4 Nf6 2. c4 e6 3. Nc3 Bb4 4. Qc2 0-0 5. a3 Be7 6. e3 d6 7. Bd3 b6 8. Nge2 Bb7 9. 0-0 Nbd7 10. f3 Re8 11. e4 c5 12. d5 Ne5 13. Nf4 Nxd3 14. Nxd3 e5 15. Qf2 Qd7 16. Bd2 Nh5 17. g4 Nf6 18. Qg3 Kh8 19. h4 Bc8 20. Nf2 h6 21. Kg2 Kg8 22. Rh1 h5 23. g5 Nh7 24. g6 Nf6 25. gxf7+ Kxf7 26. Nh3 Nh7 27. f4 Bf6 28. f5 Ke7 29. Qg6 Nf8 30. Qxh5 Kd8 31. Bg5 Qe7 32. Bxf6 Qxf6 33. Ng5 Ba6 34. b3 Kc7 35. a4 Kb7 36. Raf1 Nd7 37. Ne6 Rh8 38. Qg5 Rag8 39. Qxf6 Nxf6 40. Kf3 g6 41. Ng5 gxf5 42. exf5 Kb8 43. Nce4 Nxe4 44. Kxe4 Rf8 45. f6 Bc8 46. Ne6 Rf7 47. h5 Rh6 48. Rf5 Rfxf6 49. Rxf6 Rxf6 50. h6 Bxe6 51. dxe6 Rf8 52. h7 Rh8 53. Kf5 Kc7 54. Kg6 Kd8 55. Kg7 Rxh7+ 56. Rxh7 e4 57. Kf6 Kc8 58. Rh4 e3 59. Re4 Kd8 60. Rxe3 d5 61. cxd5 c4 62. bxc4 b5 63. axb5 a6 64. bxa6 Kc7 65. e7 Kb6 66. e8Q Kc5 67. Qb5+ Kd4 68. Rh3 Ke4 69. Rh4+ Ke3 70. Qb3+ Kf2 71. Rh2+ Kg1 72. Ra2 Kf1 73. Qb1# 1-0

[Event "Catarinense-ch U20 Girls"]
[Site "Rio Negrinho"]
[Date "2023.03.25"]
[Round "4"]
[White "Liebl, Livia"]
[Black "Ribeiro, Maria Eduarda Thibe"]
[Result "1-0"]
[WhiteElo "1518"]
[BlackElo "1042"]
[PlyCount "67"]
[EventDate "2023.03.24"]
[EventType "swiss"]
[EventRounds "6"]
[EventCountry "BRA"]
[SourceTitle "CBM 213 Extra"]
[Source "ChessBase"]
[SourceDate "2023.05.31"]
[SourceVersion "1"]
[SourceVersionDate "2023.05.31"]
[SourceQuality "1"]

1. d4 d5 2. e3 Nf6 3. f4 e6 4. Bd3 Be7 5. Nf3 Nbd7 6. Nbd2 c5 7. c3 b6 8. 0-0 Bb7 9. Ne5 0-0 10. Qf3 Rc8 11. g4 Rc7 12. g5 Ne4 13. Nxe4 dxe4 14. Bxe4 Bxe4 15. Qxe4 Qa8 16. Qxa8 Rxa8 17. b3 Rac8 18. Nxd7 Rxd7 19. Bb2 cxd4 20. exd4 Rf8 21. Rad1 f6 22. h4 Rfd8 23. Rde1 Rd6 24. Ba3 R6d7 25. Bxe7 Rxe7 26. Re3 Kf7 27. Rfe1 Rde8 28. Kg2 e5 29. fxe5 fxe5 30. dxe5 Ke6 31. Kg3 Kf5 32. Rf1+ Kg6 33. Kg4 a6 34. h5# 1-0

[Event "Florianopolis op 9th"]
[Site "Florianopolis"]
[Date "2023.01.29"]
[Round "10"]
[White "De Fassio, Davi dos Santos"]
[Black "Liebl, Livia"]
[Result "1/2-1/2"]
[WhiteElo "1200"]
[BlackElo "1529"]
[PlyCount "80"]
[EventDate "2023.01.23"]
[EventType "swiss"]
[EventRounds "10"]
[EventCountry "BRA"]
[SourceTitle "CBM 212 Extra"]
[Source "ChessBase"]
[SourceDate "2023.03.31"]
[SourceVersion "1"]
[SourceVersionDate "2023.03.31"]
[SourceQuality "1"]

1. e4 d5 2. exd5 Qxd5 3. Nc3 Qa5 4. d4 c6 5. Bd2 Qc7 6. Nf3 Bg4 7. h3 Bxf3 8. Qxf3 Nf6 9. g4 e6 10. 0-0-0 Nbd7 11. Kb1 Bd6 12. Bd3 a6 13. g5 Nd5 14. Qh5 g6 15. Qh6 Bf8 16. Nxd5 cxd5 17. Qh4 Nb6 18. Bf4 Bd6 19. Bxd6 Qxd6 20. Qg3 Qxg3 21. fxg3 Rc8 22. b3 Nd7 23. h4 h5 24. c4 dxc4 25. Bxc4 b5 26. Be2 Nb6 27. Rc1 Ke7 28. Rc5 Rxc5 29. dxc5 Nd5 30. Rc1 Rf8 31. a4 bxa4 32. bxa4 Rb8+ 33. Ka1 Rb4 34. Rc4 Rb3 35. c6 Rb8 36. Rc1 a5 37. Ba6 Nc7 38. Bb7 Rd8 39. Rc4 Rd5 40. Kb2 Rd3 1/2-1/2

[Event "Florianopolis Winter op 6th"]
[Site "Florianopolis"]
[Date "2022.07.14"]
[Round "3"]
[White "Liebl, Livia"]
[Black "De Freitas, Isabella Ribeiro Co"]
[Result "0-1"]
[WhiteElo "1517"]
[BlackElo "1878"]
[PlyCount "60"]
[EventDate "2022.07.13"]
[EventType "swiss"]
[EventRounds "9"]
[EventCountry "BRA"]
[SourceTitle "CBM 209 Extra"]
[Source "ChessBase"]
[SourceDate "2022.09.30"]
[SourceVersion "1"]
[SourceVersionDate "2022.09.30"]
[SourceQuality "1"]

1. d4 d5 2. e3 Nf6 3. f4 c5 4. Nf3 Nc6 5. c3 Bg4 6. Bd3 e6 7. 0-0 Bd6 8. Qe1 Bf5 9. Bxf5 exf5 10. dxc5 Bxc5 11. Nd4 Qd7 12. Nd2 0-0 13. Rf3 Rfe8 14. Qh4 Bxd4 15. exd4 Re2 16. Rh3 Ne7 17. Qg3 Ng6 18. Nf1 Ne4 19. Qd3 Re1 20. Rb1 Rxc1 21. Rxc1 Nxf4 22. Qf3 Nxh3+ 23. Qxh3 Qb5 24. b3 Qe2 25. Qxf5 Qb2 26. Rd1 Qxa2 27. Qxd5 Qf2+ 28. Kh1 Nxc3 29. Qxb7 Rf8 30. Re1 Ne2 0-1

[Event "Timbo op 2nd"]
[Site "Timbo"]
[Date "2022.02.20"]
[Round "7"]
[White "Liebl, Livia"]
[Black "Silva, Juliana Figueira Th"]
[Result "0-1"]
[WhiteElo "1530"]
[BlackElo "1253"]
[PlyCount "108"]
[EventDate "2022.02.17"]
[EventType "swiss"]
[EventRounds "7"]
[EventCountry "BRA"]
[SourceTitle "EXT 2023"]
[Source "ChessBase"]
[SourceDate "2022.10.05"]
[SourceVersion "1"]
[SourceVersionDate "2022.10.05"]
[SourceQuality "1"]

1. d4 Nf6 2. e3 g6 3. f4 Bg7 4. Bd3 0-0 5. f5 d6 6. fxg6 fxg6 7. Nf3 Nbd7 8. Ng5 Nb6 9. 0-0 e5 10. c3 Bd7 11. Qb3+ d5 12. e4 h6 13. Nf3 Ba4 14. Qa3 dxe4 15. Bc4+ Nxc4 16. Qxa4 Qd5 17. Nxe5 Nxe5 18. dxe5 Nd7 19. Rd1 Qc5+ 20. Qd4 Rad8 21. Qxc5 Nxc5 22. Rxd8 Rxd8 23. Be3 Rd1+ 24. Kf2 Nd3+ 25. Ke2 Re1+ 26. Kd2 Bxe5 27. h3 Rh1 28. a4 Nxb2 29. Bxh6 Rh2 30. Na3 Rxg2+ 31. Ke3 Bxc3 32. Kxe4 Nxa4 33. Rf1 Bb4 34. Nc4 Nc3+ 35. Kf3 Re2 36. Rg1 Re6 37. h4 Kh7 38. Bg5 Ne2 39. Rd1 Bd6 40. Ne3 Nc3 41. Rd3 Nb5 42. Ng4 Na3 43. Nf6+ Kg7 44. Ne4 Nc4 45. Rd1 Ne5+ 46. Ke3 Nf7 47. Bf6+ Rxf6 48. Nxf6 Kxf6 49. Rf1+ Ke6 50. Ke4 Ne5 51. Rg1 a5 52. Ra1 Bb4 53. Rc1 c5 54. h5 gxh5 0-1

[Event "Timbo op 2nd"]
[Site "Timbo"]
[Date "2022.02.18"]
[Round "2"]
[White "Silva, Guilherme Henrique"]
[Black "Liebl, Livia"]
[Result "1-0"]
[WhiteElo "1934"]
[BlackElo "1530"]
[PlyCount "73"]
[EventDate "2022.02.17"]
[EventType "swiss"]
[EventRounds "7"]
[EventCountry "BRA"]
[SourceTitle "EXT 2023"]
[Source "ChessBase"]
[SourceDate "2022.10.05"]
[SourceVersion "1"]
[SourceVersionDate "2022.10.05"]
[SourceQuality "1"]

1. e4 c5 2. Nf3 a6 3. c3 Nc6 4. d4 cxd4 5. cxd4 e6 6. d5 exd5 7. exd5 Nce7 8. d6 Nf5 9. Qe2+ Nge7 10. dxe7 Bxe7 11. Qc2 d5 12. Bd3 g6 13. 0-0 Be6 14. Bf4 0-0 15. Nc3 Rc8 16. Qd2 Bb4 17. a3 Be7 18. Bxf5 Bxf5 19. Qxd5 Qb6 20. Na4 Qb5 21. Qxb5 axb5 22. Nc3 Bd3 23. Rfd1 Bc4 24. Rd7 Bf6 25. Be5 Bxe5 26. Nxe5 b6 27. Nxc4 bxc4 28. Rad1 Rb8 29. a4 Rfe8 30. Kf1 Kg7 31. Re1 Rxe1+ 32. Kxe1 Re8+ 33. Kd2 Rc8 34. Rd6 Rb8 35. Rc6 Rd8+ 36. Kc2 Re8 37. Rxc4 1-0

[Event "Pan American-ch U1700"]
[Site "Timbo"]
[Date "2021.12.05"]
[Round "9"]
[White "Mathias, Carlos Augusto De C"]
[Black "Liebl, Livia"]
[Result "1-0"]
[WhiteElo "1461"]
[BlackElo "1530"]
[PlyCount "59"]
[EventDate "2021.12.01"]
[EventType "swiss"]
[EventRounds "9"]
[EventCountry "BRA"]
[SourceTitle "CBM 205 Extra"]
[Source "ChessBase"]
[SourceDate "2022.01.31"]
[SourceVersion "1"]
[SourceVersionDate "2022.01.31"]
[SourceQuality "1"]

1. d4 d5 2. Nc3 f5 3. Bf4 c6 4. e3 Nf6 5. Be2 e6 6. Bg5 Bd6 7. Bh5+ g6 8. Be2 0-0 9. h4 Qe8 10. Bxf6 Rxf6 11. Nf3 h6 12. Qd2 Kg7 13. h5 g5 14. Ne5 f4 15. exf4 Rxf4 16. g3 Rf8 17. Bd3 Bxe5 18. Bg6 Qe7 19. dxe5 Bd7 20. 0-0-0 Be8 21. f4 Bxg6 22. hxg6 Kxg6 23. Qd3+ Kg7 24. Rxh6 Rf5 25. Rdh1 Qc5 26. Rh7+ Kf8 27. Rh8+ Ke7 28. R1h7+ Rf7 29. Rxf7+ Kxf7 30. Qh7# 1-0

[Event "Pan American-ch U1700"]
[Site "Timbo"]
[Date "2021.12.04"]
[Round "8"]
[White "Liebl, Livia"]
[Black "Silva, Liara Blanco"]
[Result "1-0"]
[WhiteElo "1530"]
[BlackElo "1328"]
[PlyCount "103"]
[EventDate "2021.12.01"]
[EventType "swiss"]
[EventRounds "9"]
[EventCountry "BRA"]
[SourceTitle "CBM 205 Extra"]
[Source "ChessBase"]
[SourceDate "2022.01.31"]
[SourceVersion "1"]
[SourceVersionDate "2022.01.31"]
[SourceQuality "1"]

1. d4 Nf6 2. e3 e6 3. f4 c5 4. Bd3 cxd4 5. exd4 Nc6 6. c3 d6 7. Nf3 Be7 8. 0-0 0-0 9. Qc2 Qc7 10. Ng5 h6 11. Ne4 b6 12. Nxf6+ Bxf6 13. Nd2 Bb7 14. Ne4 Be7 15. f5 d5 16. Ng3 Bd6 17. Qf2 Bxg3 18. hxg3 exf5 19. Qxf5 g6 20. Qf3 h5 21. Bh6 Qd6 22. Bxf8 Rxf8 23. Rf2 Bc8 24. Raf1 Bg4 25. Qe3 Kg7 26. Rf4 f5 27. Re1 Rf6 28. Rf2 a5 29. Bb5 Nd8 30. Qe7+ Qxe7 31. Rxe7+ Rf7 32. Re5 Rf6 33. Rxd5 Ne6 34. Rd7+ Kh6 35. Bc4 Ng5 36. Bd3 Re6 37. Bc2 Re1+ 38. Kh2 f4 39. Rd6 fxg3+ 40. Kxg3 Re6 41. Rxe6 Bxe6 42. Rf6 Bf7 43. Rxb6 Ne6 44. Bb3 Ng5 45. Bxf7 Nxf7 46. d5 Kg7 47. Rb7 Kf6 48. Rxf7+ Kxf7 49. Kf4 Kf6 50. d6 g5+ 51. Ke4 Ke6 52. d7 1-0

[Event "Pan American-ch U1700"]
[Site "Timbo"]
[Date "2021.12.03"]
[Round "5"]
[White "Rodrigues Mota, Sophia Lorena"]
[Black "Liebl, Livia"]
[Result "0-1"]
[WhiteElo "1425"]
[BlackElo "1530"]
[PlyCount "90"]
[EventDate "2021.12.01"]
[EventType "swiss"]
[EventRounds "9"]
[EventCountry "BRA"]
[SourceTitle "CBM 205 Extra"]
[Source "ChessBase"]
[SourceDate "2022.01.31"]
[SourceVersion "1"]
[SourceVersionDate "2022.01.31"]
[SourceQuality "1"]

1. e4 c5 2. Nf3 a6 3. d4 cxd4 4. Nxd4 Nf6 5. Nc3 e5 6. Nb3 Bb4 7. Bd3 d5 8. exd5 Nxd5 9. Bd2 Nxc3 10. bxc3 Bd6 11. 0-0 0-0 12. Qh5 f5 13. Bc4+ Kh8 14. Bg5 Qc7 15. Bd5 Nc6 16. Rad1 Bd7 17. Rd3 Be8 18. Qh4 Bg6 19. Bxc6 Qxc6 20. Na5 Qc7 21. Nxb7 Qxb7 22. Rxd6 Qf7 23. Rfd1 f4 24. R6d5 Rfe8 25. R1d2 Rab8 26. h3 Rbc8 27. Qg4 Bf5 28. Qd1 Qg6 29. Bd8 Bxh3 30. f3 Bf5 31. Rd6 Qf7 32. a4 Rxc3 33. Ba5 Rcc8 34. Rxa6 Qc4 35. Rdd6 Qc5+ 36. Kh1 Qf2 37. c3 e4 38. fxe4 Bxe4 39. Qg1 Qg3 40. Bb6 f3 41. Rd2 Qh4+ 42. Qh2 Qe1+ 43. Bg1 Qxd2 44. Qh3 fxg2+ 45. Kh2 Qf4+ 0-1

[Event "Santa Catarina State-ch (Women) 35th"]
[Site "Rio Negrinho"]
[Date "2021.10.24"]
[Round "6"]
[White "Liebl, Livia"]
[Black "Rodrigues Mota, Sophia Lorena"]
[Result "1-0"]
[WhiteElo "1511"]
[BlackElo "1541"]
[PlyCount "122"]
[EventDate "2021.10.21"]
[EventType "swiss"]
[EventRounds "7"]
[EventCountry "BRA"]
[SourceTitle "EXT 2023"]
[Source "ChessBase"]
[SourceDate "2022.10.05"]
[SourceVersion "1"]
[SourceVersionDate "2022.10.05"]
[SourceQuality "1"]

1. d4 Nf6 2. c4 g6 3. Nc3 Bg7 4. e4 d6 5. f3 Nbd7 6. Be3 0-0 7. Qd2 c5 8. d5 Qc7 9. g4 Ne5 10. h3 a6 11. f4 Ned7 12. Be2 Nb6 13. f5 Nfd7 14. Nf3 Ne5 15. Nxe5 Bxe5 16. Bh6 Bg7 17. h4 e6 18. f6 Bxf6 19. Bxf8 Kxf8 20. g5 Be5 21. h5 exd5 22. cxd5 Qe7 23. hxg6 fxg6 24. 0-0-0 Kg8 25. Rdf1 Nd7 26. Bg4 Bxc3 27. bxc3 Ne5 28. Bxc8 Rxc8 29. Rf6 Nc4 30. Qd3 Qe5 31. Re6 Qxg5+ 32. Kc2 Qg2+ 33. Kb3 Na5+ 34. Ka3 Qxh1 35. Ka4 Qg2 36. Kxa5 Qxa2+ 37. Kb6 Qb2+ 38. Ka7 c4 39. Qd4 Qh2 40. Re7 Qh6 41. Qf6 Qf8 42. Qe6+ Kh8 43. Rf7 Ra8+ 44. Kxb7 Qb8+ 45. Kc6 Qd8 46. Qf6+ Qxf6 47. Rxf6 a5 48. Kb7 Rd8 49. Rf1 Kg7 50. Ra1 Kf6 51. Kc7 Ke7 52. Rxa5 h5 53. Ra1 h4 54. Rg1 Rg8 55. e5 dxe5 56. d6+ Ke6 57. d7 Ke7 58. Rxg6 Rxg6 59. d8Q+ Ke6 60. Qxh4 Rg7+ 61. Kc6 Rg8 1-0

[Event "Santa Catarina State-ch (Women) 35th"]
[Site "Rio Negrinho"]
[Date "2021.10.23"]
[Round "5"]
[White "Liebl, Livia"]
[Black "Pereira, Aline Vitoria"]
[Result "1-0"]
[WhiteElo "1511"]
[BlackElo "1310"]
[PlyCount "115"]
[EventDate "2021.10.21"]
[EventType "swiss"]
[EventRounds "7"]
[EventCountry "BRA"]
[SourceTitle "EXT 2023"]
[Source "ChessBase"]
[SourceDate "2022.10.05"]
[SourceVersion "1"]
[SourceVersionDate "2022.10.05"]
[SourceQuality "1"]

1. d4 d5 2. e3 e6 3. Bd3 Bd6 4. f4 f5 5. Nf3 Nf6 6. 0-0 0-0 7. Nbd2 Ne4 8. Ne5 Rf6 9. Qe1 Nd7 10. Nxe4 dxe4 11. Be2 Be7 12. c4 b6 13. Nc6 Qe8 14. Nxe7+ Qxe7 15. b3 Bb7 16. Bb2 Rh6 17. Rc1 c5 18. Rd1 Rd8 19. a3 cxd4 20. exd4 Nf6 21. b4 Rg6 22. g3 Ng4 23. Bxg4 Rxg4 24. Qe3 Ba6 25. b5 Bb7 26. c5 Bd5 27. Rc1 bxc5 28. dxc5 Bb7 29. Rfd1 Rd3 30. Rxd3 exd3 31. c6 Bc8 32. Qxd3 Qh4 33. Rd1 Kf7 34. a4 g5 35. Be5 gxf4 36. Bxf4 Qf6 37. Qd6 e5 38. Bxe5 Qxd6 39. Rxd6 Rxa4 40. Rd8 Be6 41. c7 Re4 42. Bf4 Rc4 43. Ra8 Bd7 44. Rxa7 Bc8 45. b6 Rb4 46. Ra8 Bb7 47. c8Q Bxc8 48. Rxc8 Rxb6 49. Rc7+ Kg6 50. Kg2 h5 51. Kh3 Re6 52. Kh4 Rb6 53. Rc8 Rb2 54. h3 Rb7 55. Rh8 Rb2 56. Rxh5 Rh2 57. Rh6+ Kg7 58. Kg5 1-0

[Event "Santa Catarina State-ch (Women) 34th"]
[Site "Rio Negrinho"]
[Date "2021.07.25"]
[Round "7"]
[White "Feller, Gabriela Luisa Vice"]
[Black "Liebl, Livia"]
[Result "1-0"]
[WhiteElo "1821"]
[BlackElo "1516"]
[PlyCount "103"]
[EventDate "2021.07.22"]
[EventType "swiss"]
[EventRounds "7"]
[EventCountry "BRA"]
[SourceTitle "EXT 2022"]
[Source "ChessBase"]
[SourceDate "2021.10.06"]
[SourceVersion "1"]
[SourceVersionDate "2021.10.06"]
[SourceQuality "1"]

1. d4 d5 2. c4 e6 3. cxd5 exd5 4. Nf3 f5 5. e3 Nf6 6. Bd3 Bd6 7. 0-0 0-0 8. b3 Qe7 9. a4 Ne4 10. Ba3 Bxa3 11. Nxa3 c6 12. Nc2 Nd7 13. b4 Rf6 14. b5 Rh6 15. bxc6 bxc6 16. g3 g5 17. Re1 Qf6 18. Rc1 g4 19. Nh4 Nf8 20. Nb4 Bd7 21. f3 Ng5 22. fxg4 fxg4 23. Rf1 Qe7 24. Qd2 Ne4 25. Bxe4 Qxe4 26. Rf4 Qe8 27. Rcf1 Ng6 28. Nxg6 Qxg6 29. Qf2 Qd6 30. Nd3 Rg6 31. Ne5 Rg7 32. Nf7 Rxf7 33. Rxf7 Re8 34. Qc2 Re4 35. R1f6 Be6 36. Rf8+ Kg7 37. Qb3 Qd7 38. a5 a6 39. Rf4 Rxf4 40. Rxf4 Qe7 41. Kf2 Bc8 42. Qb8 Be6 43. Qb6 Qa3 44. Qc7+ Kg6 45. Qxc6 Qb2+ 46. Kg1 Qb1+ 47. Rf1 Qe4 48. Qe8+ Kg5 49. Qe7+ Kh6 50. Qh4+ Kg7 51. Qf6+ Kg8 52. Qf8# 1-0

[Event "Santa Catarina State-ch (Women) 34th"]
[Site "Rio Negrinho"]
[Date "2021.07.25"]
[Round "6"]
[White "Liebl, Livia"]
[Black "Goetten Wagner, Julia"]
[Result "1-0"]
[WhiteElo "1516"]
[BlackElo "1611"]
[PlyCount "105"]
[EventDate "2021.07.22"]
[EventType "swiss"]
[EventRounds "7"]
[EventCountry "BRA"]
[SourceTitle "EXT 2022"]
[Source "ChessBase"]
[SourceDate "2021.10.06"]
[SourceVersion "1"]
[SourceVersionDate "2021.10.06"]
[SourceQuality "1"]

1. d4 Nf6 2. c4 c5 3. e3 g6 4. Nc3 cxd4 5. exd4 Bg7 6. Nf3 0-0 7. Be2 d6 8. h3 a6 9. Be3 b6 10. 0-0 Bb7 11. Qb3 Nbd7 12. Rfd1 Qc7 13. Rac1 Rac8 14. Na4 Qd8 15. d5 b5 16. Nc3 Nc5 17. Bxc5 Rxc5 18. a4 Nd7 19. Ne4 Rc7 20. axb5 axb5 21. Qxb5 Ba8 22. b4 Rb7 23. Qa4 Qb8 24. Rb1 Rc8 25. Nd4 Nb6 26. Qb3 Ra7 27. Nb5 Rd7 28. Nd2 e6 29. dxe6 fxe6 30. Qe3 Re8 31. Ne4 d5 32. Nc5 Rde7 33. Na6 Qe5 34. Qxe5 Bxe5 35. Rdc1 d4 36. Nc5 Bg7 37. Nb3 e5 38. c5 Nd5 39. Bc4 Kh8 40. Nd6 Rf8 41. b5 Rd7 42. b6 Nxb6 43. Nf7+ Rfxf7 44. Bxf7 Rxf7 45. cxb6 Be4 46. Rb2 Bf8 47. Nc5 Bxc5 48. Rxc5 d3 49. Rxe5 Bb7 50. Rd2 Ba6 51. Ra5 Bc4 52. Ra7 Rf8 53. b7 1-0

[Event "Santa Catarina State-ch (Women) 34th"]
[Site "Rio Negrinho"]
[Date "2021.07.24"]
[Round "5"]
[White "Deobrochinski, Valentina Hinke"]
[Black "Liebl, Livia"]
[Result "1/2-1/2"]
[WhiteElo "1327"]
[BlackElo "1516"]
[PlyCount "141"]
[EventDate "2021.07.22"]
[EventType "swiss"]
[EventRounds "7"]
[EventCountry "BRA"]
[SourceTitle "EXT 2022"]
[Source "ChessBase"]
[SourceDate "2021.10.06"]
[SourceVersion "1"]
[SourceVersionDate "2021.10.06"]
[SourceQuality "1"]

1. c4 c6 2. Nc3 d5 3. e3 e6 4. d4 Nf6 5. Nf3 Be7 6. cxd5 exd5 7. Bd3 Nbd7 8. 0-0 0-0 9. b3 b6 10. Bb2 Bb7 11. Qc2 Rc8 12. Rac1 c5 13. Qb1 g6 14. Ne2 Ne4 15. Nf4 Ndf6 16. Rfd1 Bd6 17. Bxe4 Nxe4 18. dxc5 Bxf4 19. exf4 bxc5 20. Nd2 Nxd2 21. Rxd2 Qb6 22. Ba3 Qa5 23. Qb2 Rfe8 24. Rdd1 Qb5 25. Re1 Rxe1+ 26. Rxe1 Qc6 27. Qe5 Qc7 28. Qf6 Qb6 29. Qe5 Qc7 30. Rc1 Qxe5 31. fxe5 c4 32. bxc4 dxc4 33. f4 c3 34. Kf2 c2 35. g3 Bd5 36. Ra1 Rb8 37. Rc1 Be4 38. Ke3 Bf5 39. h3 Rc8 40. g4 Be6 41. Kd2 Bxa2 42. Rxc2 Rxc2+ 43. Kxc2 Be6 44. Kc3 h5 45. gxh5 gxh5 46. h4 Kg7 47. Kd4 Kg6 48. Ke4 Bf5+ 49. Kf3 Bc2 50. Bb4 Kf5 51. Be1 Ke6 52. Ke3 Kd5 53. Ba5 Kc4 54. Bd2 Kb5 55. Kd4 a5 56. Kd5 a4 57. Bc3 a3 58. Kd6 Kc4 59. Ba1 Kd3 60. e6 fxe6 61. Kxe6 Ke4 62. f5 Kf4 63. Bf6 Bxf5+ 64. Kd5 a2 65. Kc4 Ke4 66. Kb3 Be6+ 67. Kb2 Kf5 68. Bg5 Ke4 69. Ka1 Kd3 70. Bf6 Bc4 71. Bg5 1/2-1/2

[Event "Santa Catarina State-ch (Women) 34th"]
[Site "Rio Negrinho"]
[Date "2021.07.24"]
[Round "4"]
[White "Liebl, Livia"]
[Black "Campagnolo, Fabiola"]
[Result "0-1"]
[WhiteElo "1516"]
[BlackElo "1687"]
[PlyCount "104"]
[EventDate "2021.07.22"]
[EventType "swiss"]
[EventRounds "7"]
[EventCountry "BRA"]
[SourceTitle "EXT 2022"]
[Source "ChessBase"]
[SourceDate "2021.10.06"]
[SourceVersion "1"]
[SourceVersionDate "2021.10.06"]
[SourceQuality "1"]

1. d4 Nf6 2. c4 c5 3. d5 b5 4. e3 Bb7 5. Nc3 b4 6. Nb1 e6 7. dxe6 fxe6 8. Nf3 Be7 9. Be2 0-0 10. 0-0 Qc7 11. h3 Nc6 12. b3 Ne4 13. Bb2 Bf6 14. Bxf6 Rxf6 15. Qc2 Ne5 16. Nxe5 Qxe5 17. Nd2 Raf8 18. Nxe4 Bxe4 19. Bd3 Rxf2 20. Rxf2 Qxa1+ 21. Kh2 Rxf2 22. Qxf2 Qe5+ 23. g3 Bxd3 24. Qd2 Qe4 25. Qf2 Qf5 26. Qg2 Be4 27. Qe2 Qf3 28. Qxf3 Bxf3 29. Kg1 Bd1 30. Kf1 Kf7 31. Ke1 Bf3 32. Kd2 Kf6 33. Kd3 Ke5 34. h4 Be4+ 35. Kd2 Bg2 36. Ke2 Ke4 37. g4 Bf3+ 38. Kd2 Bxg4 39. h5 Bxh5 40. a4 g5 41. a5 g4 42. a6 g3 43. Ke1 Kxe3 44. Kf1 Bd1 45. Kg2 Bxb3 46. Kxg3 Bxc4 47. Kg2 b3 48. Kg1 b2 49. Kg2 b1Q 50. Kh2 Qb2+ 51. Kh3 Qg7 52. Kh4 Kf4 0-1

[Event "Rio Negrinho Froebel op"]
[Site "Rio Negrinho"]
[Date "2021.07.10"]
[Round "3"]
[White "De Freitas, Isabella Ribeiro Co"]
[Black "Liebl, Livia"]
[Result "1-0"]
[WhiteElo "1893"]
[BlackElo "1516"]
[PlyCount "123"]
[EventDate "2021.07.09"]
[EventType "swiss"]
[EventRounds "6"]
[EventCountry "BRA"]
[SourceTitle "EXT 2022"]
[Source "ChessBase"]
[SourceDate "2021.10.06"]
[SourceVersion "1"]
[SourceVersionDate "2021.10.06"]
[SourceQuality "1"]

1. c4 c6 2. e4 d5 3. cxd5 cxd5 4. exd5 Qxd5 5. Nc3 Qd8 6. d4 Nf6 7. h3 e6 8. Nf3 a6 9. Bd3 Nc6 10. 0-0 Be7 11. a3 0-0 12. Bc2 b5 13. Qd3 g6 14. Bh6 Re8 15. Rfe1 Bb7 16. Rad1 Qc7 17. Bb3 Rad8 18. Qe3 Na5 19. Ba2 Nd5 20. Nxd5 Bxd5 21. Bxd5 Rxd5 22. Ne5 Nc4 23. Qf4 Nxe5 24. dxe5 Red8 25. Rc1 Qb6 26. Qf3 Qb8 27. Re4 Bf8 28. Bg5 Rc8 29. Rce1 Rc2 30. b4 Qc7 31. h4 Rc4 32. h5 Rxe4 33. Rxe4 Qc2 34. hxg6 hxg6 35. Re1 Qd3 36. Re3 Qd1+ 37. Qxd1 Rxd1+ 38. Kh2 Rd5 39. f4 Rd7 40. Rc3 Kh7 41. Rc8 Bh6 42. Bxh6 Kxh6 43. Ra8 Rd4 44. g3 Kh5 45. Kh3 Kh6 46. Rxa6 Rd1 47. Ra7 Kh5 48. Rxf7 Rh1+ 49. Kg2 Ra1 50. Rf6 Rxa3 51. Rxe6 Re3 52. Kh3 Rb3 53. Re7 Kh6 54. Kh4 Rxb4 55. Rb7 g5+ 56. Kg4 gxf4 57. gxf4 Rb1 58. Kf5 b4 59. e6 Rc1 60. Rxb4 Rc5+ 61. Kf6 Rc8 62. e7 1-0

[Event "Sao Bento do Sul op 05"]
[Site "Sao Bento do Sul"]
[Date "2021.05.09"]
[Round "5"]
[White "Liebl, Livia"]
[Black "Cordioli, Jairo Ribeiro"]
[Result "0-1"]
[WhiteElo "1525"]
[BlackElo "1790"]
[PlyCount "68"]
[EventDate "2021.05.07"]
[EventType "swiss"]
[EventRounds "6"]
[EventCountry "BRA"]
[SourceTitle "EXT 2022"]
[Source "ChessBase"]
[SourceDate "2021.10.06"]
[SourceVersion "1"]
[SourceVersionDate "2021.10.06"]
[SourceQuality "1"]

1. d4 d5 2. e3 Nf6 3. f4 c5 4. Nf3 e6 5. c3 Nc6 6. Bd3 Bd6 7. 0-0 Ne4 8. Ne5 0-0 9. Nd2 Nxd2 10. Bxd2 f6 11. Qh5 f5 12. g4 Qe8 13. Qh4 Be7 14. g5 Nxe5 15. dxe5 Bd7 16. Rf3 g6 17. Rh3 h5 18. Be2 Bb5 19. Bf3 Bd3 20. Qg3 Kg7 21. Rh4 Rh8 22. Rc1 c4 23. b3 Ba3 24. Re1 cxb3 25. axb3 Bc5 26. Rc1 b5 27. c4 bxc4 28. bxc4 Bxc4 29. Rxc4 dxc4 30. Bxa8 Qxa8 31. Qe1 Qe4 32. Rh3 Rb8 33. Qe2 Rb1+ 34. Be1 c3 0-1

[Event "Sao Bento do Sul op 05"]
[Site "Sao Bento do Sul"]
[Date "2021.05.08"]
[Round "4"]
[White "Rahn, Marlon Cristiano"]
[Black "Liebl, Livia"]
[Result "0-1"]
[WhiteElo "1199"]
[BlackElo "1525"]
[PlyCount "34"]
[EventDate "2021.05.07"]
[EventType "swiss"]
[EventRounds "6"]
[EventCountry "BRA"]
[SourceTitle "EXT 2022"]
[Source "ChessBase"]
[SourceDate "2021.10.06"]
[SourceVersion "1"]
[SourceVersionDate "2021.10.06"]
[SourceQuality "1"]

1. e4 d5 2. exd5 Qxd5 3. Nc3 Qd6 4. d4 Nf6 5. Nf3 Bg4 6. Be2 Nc6 7. Bg5 Bxf3 8. Bxf3 e6 9. Bxf6 gxf6 10. Ne4 Qxd4 11. Qxd4 Nxd4 12. 0-0-0 Nxf3 13. gxf3 f5 14. Nf6+ Ke7 15. Nh5 Rg8 16. Rd7+ Kxd7 17. Nf6+ Kc6 0-1

[Event "Sao Bento do Sul op 05"]
[Site "Sao Bento do Sul"]
[Date "2021.05.07"]
[Round "1"]
[White "Liebl, Livia"]
[Black "Almeida Junior, Alvaro Alves de"]
[Result "0-1"]
[WhiteElo "1525"]
[BlackElo "2134"]
[PlyCount "78"]
[EventDate "2021.05.07"]
[EventType "swiss"]
[EventRounds "6"]
[EventCountry "BRA"]
[SourceTitle "EXT 2022"]
[Source "ChessBase"]
[SourceDate "2021.10.06"]
[SourceVersion "1"]
[SourceVersionDate "2021.10.06"]
[SourceQuality "1"]

1. d4 Nf6 2. c4 g6 3. Nc3 d5 4. Bg5 Ne4 5. Nxe4 dxe4 6. e3 c5 7. Qd2 Bg7 8. Ne2 Nc6 9. d5 Ne5 10. Nc3 f5 11. Be2 0-0 12. 0-0 Nf7 13. Bh4 g5 14. Bg3 Nd6 15. Bxd6 exd6 16. f3 exf3 17. Bxf3 g4 18. Bd1 Qg5 19. Qf2 Be5 20. g3 Bd7 21. Bc2 Rae8 22. Rae1 Re7 23. Ne2 Bxb2 24. Qf4 Qxf4 25. Nxf4 Bc3 26. Re2 Rfe8 27. Ng2 b5 28. Bxf5 Bxf5 29. Rxf5 b4 30. Ref2 a5 31. Rg5+ Rg7 32. Rxg7+ Kxg7 33. Nh4 Be5 34. Rf5 a4 35. Rf2 b3 36. axb3 axb3 37. Rf1 b2 38. Nf5+ Kh8 39. Nh6 Ra8 0-1